|
|
|
|
| LEADER |
02017nam a2200457 i 4500 |
| 001 |
EBC4206471 |
| 003 |
MiAaPQ |
| 005 |
20200520144314.0 |
| 006 |
m o d | |
| 007 |
cr cnu|||||||| |
| 008 |
160113t20162016mdua ob 001 0 eng d |
| 020 |
|
|
|z 9781119210702
|
| 020 |
|
|
|a 9781119210399
|q (electronic bk.)
|
| 020 |
|
|
|a 9781119210375
|q (electronic bk.)
|
| 035 |
|
|
|a (MiAaPQ)EBC4206471
|
| 035 |
|
|
|a (Au-PeEL)EBL4206471
|
| 035 |
|
|
|a (CaPaEBR)ebr11136159
|
| 035 |
|
|
|a (OCoLC)935252014
|
| 040 |
|
|
|a MiAaPQ
|b eng
|e rda
|e pn
|c MiAaPQ
|d MiAaPQ
|
| 050 |
|
4 |
|a HG4530
|b .M573 2016
|
| 082 |
0 |
|
|a 332.64/524
|2 23
|
| 100 |
1 |
|
|a Mirabile, Kevin,
|e author.
|
| 245 |
1 |
0 |
|a Hedge fund investing :
|b a practical approach to understanding investor motivation, manager profits, and fund performance /
|c Kevin R. Mirabile.
|
| 250 |
|
|
|a Second edition.
|
| 264 |
|
1 |
|a Hoboken, New Jersey :
|b Wiley,
|c 2016.
|
| 264 |
|
4 |
|c 2016
|
| 300 |
|
|
|a 1 online resource (367 pages) :
|b illustrations.
|
| 336 |
|
|
|a text
|2 rdacontent
|
| 337 |
|
|
|a computer
|2 rdamedia
|
| 338 |
|
|
|a online resource
|2 rdacarrier
|
| 490 |
1 |
|
|a Wiley Finance Series
|
| 504 |
|
|
|a Includes bibliographical references and index.
|
| 588 |
|
|
|a Description based on online resource; title from PDF title page (ebrary, viewed January 13, 2016).
|
| 590 |
|
|
|a Electronic reproduction. Ann Arbor, MI : ProQuest, 2015. Available via World Wide Web. Access may be limited to ProQuest affiliated libraries.
|
| 650 |
|
0 |
|a Hedge funds.
|
| 650 |
|
0 |
|a Investment analysis.
|
| 655 |
|
4 |
|a Electronic books.
|
| 776 |
0 |
8 |
|i Print version:
|a Mirabile, Kevin.
|t Hedge fund investing : a practical approach to understanding investor motivation, manager profits, and fund performance.
|b Second edition.
|d Hoboken, New Jersey : Wiley, c2016
|h approximately 367 pages
|k Wiley finance series.
|z 9781119210702
|
| 797 |
2 |
|
|a ProQuest (Firm)
|
| 830 |
|
0 |
|a Wiley finance series.
|
| 856 |
4 |
0 |
|u https://ebookcentral.proquest.com/lib/matrademy/detail.action?docID=4206471
|z Click to View
|